000 00357cam a2200133ua 4500
003 OSt
008 250108b |||||||| |||| 00| 0 eng d
082 _a621.384
_bSHE/PR
100 _aSheth, Navnitray .
_91799
245 _aPractical Transisto and Diode Direct Equivalents, vol - 4 /
260 _a :
_bV R Birodhkan press.
300 _a30 ; .
942 _cBK
999 _c3153
_d3153